Changes in Production Management and Logistics during the Coronavirus Crisis Reviewed Collection of Scientific Papers

Salvato in:
Dettagli Bibliografici
Altri autori: Richnák, Patrik, 1988-, Olexová, Cecília, 1976-, Marečková, Zuzana
Natura: Libro
Lingua:inglese
Pubblicazione: Kraków Towarzystwo Słowaków w Polsce 2021
Edizione:1st Edition
Soggetti:
Tags: Aggiungi Tag
Nessun Tag, puoi essere il primo ad aggiungerne!!

MARC

LEADER 00000nlm a2200000 4500
001 0280261
005 20240521101939.7
020 |a 978-83-8111-249-9 
041 0 |a eng 
044 |a PL 
245 1 0 |a Changes in Production Management and Logistics during the Coronavirus Crisis  |b Reviewed Collection of Scientific Papers  |c Editorial and Compilation Works: Patrik Richnák 
250 |a 1st Edition 
264 1 |a Kraków  |b Towarzystwo Słowaków w Polsce  |c 2021 
300 |a CD-ROM 94 s. [5,05 AH] 
610 2 0 |a manažment produktový 
610 2 0 |a logistika 
610 2 0 |a koronakríza 
610 2 0 |a koronavírus 
610 2 0 |a priemysel 4.0 
610 2 0 |a automatizácia 
610 2 0 |a digitalizácia 
700 1 |a Richnák, Patrik, 1988- 
700 1 |a Olexová, Cecília, 1976- 
700 1 |a Marečková, Zuzana